Sydney Intercity Trains - Statistics

General Stats
  • This quiz has been taken 190 times
  • The average score is 46 of 164
Answer Stats
Train Line Station % Correct
Blue Mountains Line, Central Coast & Newcastle Line, South Coast Line Central
79%
Hunter Line Newcastle
73%
Central Coast & Newcastle Line Gosford
68%
Blue Mountains Line Katoomba
68%
Blue Mountains Line Penrith
68%
Blue Mountains Line Lithgow
66%
Central Coast & Newcastle Line Strathfield
66%
Central Coast & Newcastle Line Hornsby
65%
Blue Mountains Line Emu Plains
63%
South Coast Line Wollongong
62%
Central Coast & Newcastle Line Epping
61%
Blue Mountains Line, Central Coast & Newcastle Line, South Coast Line Redfern
61%
Blue Mountains Line Parramatta
57%
Central Coast & Newcastle Line Berowra
56%
Central Coast & Newcastle Line Wyong
54%
Blue Mountains Line Mount Victoria
53%
Central Coast & Newcastle Line Woy Woy
52%
South Coast Line Kiama
50%
Blue Mountains Line Springwood
50%
Blue Mountains Line Blacktown
49%
Blue Mountains Line Leura
49%
South Coast Line Waterfall
49%
Central Coast & Newcastle Line Broadmeadow
48%
Blue Mountains Line Blackheath
47%
Central Coast & Newcastle Line Hawkesbury River
47%
Central Coast & Newcastle Line, South Coast Line Town Hall
46%
Blue Mountains Line Bathurst
45%
Blue Mountains Line Blaxland
45%
Central Coast & Newcastle Line, Hunter Line Hamilton
45%
Blue Mountains Line Bell
42%
Central Coast & Newcastle Line Cowan
42%
Blue Mountains Line Wentworth Falls
41%
Hunter Line Maitland
40%
Blue Mountains Line Faulconbridge
39%
Blue Mountains Line Glenbrook
38%
Central Coast & Newcastle Line Tuggerah
38%
Central Coast & Newcastle Line Cardiff
37%
Central Coast & Newcastle Line Dora Creek
37%
Blue Mountains Line Hazelbrook
37%
Central Coast & Newcastle Line Kotara
37%
South Coast Line North Wollongong
37%
South Coast Line Sutherland
37%
Central Coast & Newcastle Line Wondabyne
37%
Central Coast & Newcastle Line Adamstown
36%
Central Coast & Newcastle Line Wynyard
36%
Central Coast & Newcastle Line Fassifern
35%
South Coast Line Helensburgh
35%
Blue Mountains Line Lawson
35%
South Coast Line Bomaderry
33%
Central Coast & Newcastle Line Mount Kuring-gai
33%
Blue Mountains Line Warrimoo
33%
Central Coast & Newcastle Line Wyee
33%
Central Coast & Newcastle Line Asquith
32%
Central Coast & Newcastle Line Cockle Creek
32%
Central Coast & Newcastle Line Gordon
32%
Central Coast & Newcastle Line Koolewong
32%
Blue Mountains Line Lapstone
32%
Blue Mountains Line Medlow Bath
32%
Central Coast & Newcastle Line Morisset
32%
Central Coast & Newcastle Line Mount Colah
32%
Central Coast & Newcastle Line Narara
32%
Central Coast & Newcastle Line North Sydney
32%
Central Coast & Newcastle Line Point Clare
32%
South Coast Line Thirroul
32%
Hunter Line Waratah
32%
Blue Mountains Line Valley Heights
31%
Central Coast & Newcastle Line Ourimbah
30%
South Coast Line Port Kembla
30%
Blue Mountains Line Bullaburra
28%
South Coast Line Hurstville
28%
Central Coast & Newcastle Line Teralba
28%
Central Coast & Newcastle Line Warnervale
28%
Central Coast & Newcastle Line Booragul
27%
Hunter Line Civic
27%
South Coast Line Dapto
27%
Central Coast & Newcastle Line Eastwood
27%
Central Coast & Newcastle Line Niagara Park
27%
South Coast Line Stanwell Park
27%
South Coast Line Bondi Junction
26%
Southern Highlands Line Campbelltown
26%
Central Coast & Newcastle Line Milsons Point
25%
Central Coast & Newcastle Line Tascott
25%
South Coast Line Albion Park
24%
South Coast Line Coalcliff
24%
Hunter Line Dungog
24%
South Coast Line Otford
24%
Hunter Line Scone
24%
Hunter Line Wickham
24%
Central Coast & Newcastle Line Awaba
23%
South Coast Line Berry
23%
Hunter Line East Maitland
23%
South Coast Line Fairy Meadow
23%
Central Coast & Newcastle Line Lisarow
23%
South Coast Line Oak Flats
23%
South Coast Line Wolli Creek
23%
South Coast Line Bombo
22%
South Coast Line Bulli
22%
Blue Mountains Line Linden
22%
Hunter Line Sandgate
22%
Blue Mountains Line Woodford
22%
South Coast Line Austinmer
21%
Hunter Line Beresfield
21%
South Coast Line Coniston
21%
South Coast Line Edgecliff
21%
South Coast Line Gerringong
21%
Hunter Line High Street
21%
Hunter Line Victoria Street
21%
Hunter Line Tarro
20%
South Coast Line Unanderra
20%
Southern Highlands Line Goulburn
19%
Hunter Line Hexham
19%
South Coast Line Kembla Grange
19%
South Coast Line Kings Cross
19%
South Coast Line Martin Place
19%
South Coast Line Scarborough
19%
Central Coast & Newcastle Line St Leonards
19%
Hunter Line Warabrook
19%
South Coast Line Coledale
18%
Southern Highlands Line Macarthur
18%
Southern Highlands Line Bowral
17%
South Coast Line Port Kembla North
17%
South Coast Line Shellharbour Junction
17%
South Coast Line Wombarra
17%
South Coast Line Corrimal
16%
South Coast Line Lysaghts
16%
South Coast Line Minnamurra
16%
Southern Highlands Line Mittagong
16%
South Coast Line Towradgi
16%
South Coast Line Woonona
16%
South Coast Line Bellambi
15%
Hunter Line Singleton
15%
Hunter Line Paterson
14%
Southern Highlands Line Picton
14%
Hunter Line Telarah
13%
Hunter Line Thornton
13%
Southern Highlands Line Menangle
12%
Hunter Line Muswellbrook
12%
Hunter Line Martins Creek
9%
Southern Highlands Line Menangle Park
9%
Southern Highlands Line Moss Vale
9%
Hunter Line Aberdeen
8%
Southern Highlands Line Bargo
8%
Hunter Line Branxton
7%
Southern Highlands Line Exeter
7%
Hunter Line Greta
7%
Hunter Line Lochinvar
7%
Southern Highlands Line Bundanoon
6%
Hunter Line Metford
6%
Southern Highlands Line Penrose
6%
Southern Highlands Line Burradoo
5%
South Coast Line Cringilla
5%
Southern Highlands Line Douglas Park
5%
Southern Highlands Line Tahmoor
5%
Hunter Line Wallarobba
5%
Southern Highlands Line Wingello
5%
Hunter Line Wirragulla
5%
Southern Highlands Line Yerrinbool
5%
Blue Mountains Line Zig Zig
5%
Hunter Line Hilldale
4%
Southern Highlands Line Marulan
4%
Hunter Line Mindaribba
4%
Southern Highlands Line Tallong
4%
Hunter Line Queens Wharf
3%
Central Coast & Newcastle Line Chastwood
2%
No matching quizzes found
Score Distribution
Percent of People with Each Score
Percentile by Number Answered
Your Score History
You have not taken this quiz